Bacteriology / (Record no. 7692)
[ view plain ]
| 000 -LEADER | |
|---|---|
| fixed length control field | 00590cam a22002411a 4500 |
| 001 - CONTROL NUMBER | |
| JCCL Control Number | 7692 |
| 003 - CONTROL NUMBER IDENTIFIER | |
| JCCL marc code | BD-JhCC |
| 005 - DATE AND TIME OF LATEST TRANSACTION | |
| control field | 20180222140427.0 |
| 008 - FIXED-LENGTH DATA ELEMENTS--GENERAL INFORMATION | |
| fixed length control field | 901119s1925 enk 000 0 eng d |
| 035 ## - SYSTEM CONTROL NUMBER | |
| system control number | (BD-JhCC) |
| 035 ## - SYSTEM CONTROL NUMBER | |
| system control number | 2055282 |
| 040 ## - CATALOGING SOURCE | |
| Original cataloging agency | ANL |
| Transcribing agency | ANL |
| Modifying agency | BD-JhCC |
| 041 ## - LANGUAGE CODE | |
| Language code of Book | eng |
| 082 ## - DEWEY DECIMAL CLASSIFICATION NUMBER | |
| Classification number | 579.3 |
| Author mark and Year | BOR 1952 |
| 100 1# - MAIN ENTRY--PERSONAL NAME | |
| Personal name | Browning, C. H. |
| 245 10 - TITLE STATEMENT | |
| Title | Bacteriology / |
| Statement of responsibility, etc | C. H. Browning, |
| 260 ## - PUBLICATION, DISTRIBUTION, ETC. (IMPRINT) | |
| Place of publication, distribution, etc | London, |
| Date of publication, distribution, etc | 1925. |
| 300 ## - PHYSICAL DESCRIPTION | |
| Pagination | 416 p. : |
| Dimensions | 22cm. |
| 490 0# - SERIES STATEMENT | |
| Series statement | Home university library of modern knowledge |
| 650 ## - SUBJECT ADDED ENTRY--TOPICAL TERM | |
| Topical term or geographic name as entry element | Bacteriology. |
| 942 ## - ADDED ENTRY ELEMENTS (KOHA) | |
| Source of classification or shelving scheme | Dewey Decimal Classification |
| Koha item type | Books |
| Source of classification or shelving scheme | Damaged status | Not for loan | Home library | Current library | Shelving location | Total Checkouts | Full call number | Barcode | Date last seen | Copy number | Koha item type |
|---|---|---|---|---|---|---|---|---|---|---|---|
| Dewey Decimal Classification | JCC Rouf Library | JCC Rouf Library | General Stacks | 579.3 BOR 1952 | 10270 | 02/13/2018 | C - 1 | Books |